00000000nam 2200000za 4500
0019.851014
003CaOODSP
00520221107154307
007cr |||||||||||
008180201s2018    onc    |o    f000 0 fre d
040 |aCaOODSP|bfre
043 |an-cn---
0861 |aXC61-1/1-421-10F-PDF
1101 |aCanada. |bParlement. |bChambre des communes. |bComité permanent du patrimoine canadien.
24510|aAgir contre le racisme systémique et la discrimination religieuse, y compris l’islamophobie|h[ressource électronique] / |cla présidente, Hedy Fry.
260 |a[Ottawa] : |bChambre des communes, |c2018.
300 |aix, 127 p.
4901 |aRapport du Comité permanent du patrimoine canadien ; |vDixième rapport, 42e législature, 1re session
500 |a« Février 2018. »
500 |aÉgalement disponible en anglais sous le titre : Taking action against systemic racism and religious discrimination including Islamophobia.
500 |aDate originale de publication : 2018/02/01; date de publication : 2018/02/05, 2018/02/06, 2018/03/14.
504 |aComprend des références bibliographiques.
520 |a« Le présent rapport se divise en trois parties : 1) une introduction et un aperçu du contexte entourant le racisme systémique et la discrimination religieuse au Canada, y compris le cadre juridique, les initiatives actuelles et les termes clés; 2) les enjeux liés au racisme systémique et à la discrimination religieuse au Canada soulevés par les témoins; 3) ce que le gouvernement fédéral pourrait faire à l’avenir »--Introduction et aperçu, p. 8.
69207|2gccst|aDiscrimination raciale
69207|2gccst|aReligion
693 4|aIslamophobie
7001 |aFry, Hedy.
77508|tTaking action against systemic racism and religious discrimination including Islamophobia |w(CaOODSP)9.851012
830#0|aRapport du Comité permanent du patrimoine canadien ;|vDixième rapport, 42e législature, 1re session.|w(CaOODSP)9.503603
85640|qPDF|s5.09 Mo|uhttps://publications.gc.ca/collections/collection_2018/parl/xc61-1/XC61-1-1-421-10-fra.pdf